UBT Library

The new rational manager / (Record no. 41864)

000 -LEADER
fixed length control field 00526cam a2200205 a 4500
001 - CONTROL NUMBER
control field 2773963
005 - DATE AND TIME OF LATEST TRANSACTION
control field 20180206035141.0
008 - FIXED-LENGTH DATA ELEMENTS--GENERAL INFORMATION
fixed length control field 830705s1981 njua 001 0 eng
010 ## - LIBRARY OF CONGRESS CONTROL NUMBER
LC control number 80084367
020 ## - INTERNATIONAL STANDARD BOOK NUMBER
Terms of availability $14.95
040 ## - CATALOGING SOURCE
Original cataloging agency DLC
Transcribing agency DLC
Modifying agency DLC
041 ## - LANGUAGE CODE
Language code of text/sound track or separate title eng
080 ## - UNIVERSAL DECIMAL CLASSIFICATION NUMBER
Universal Decimal Classification number 658.403 KEP
082 00 - DEWEY DECIMAL CLASSIFICATION NUMBER
Classification number 658.403 KEP
100 1# - Rafti
Rafti 54
101 ## - Shkurtesa
Shkurtesa MAN
245 14 - TITLE STATEMENT
Title The new rational manager /
Statement of responsibility, etc Charles H. Kepner, Benjamin B. Tregoe.
906 ## - LOCAL DATA ELEMENT F, LDF (RLIN)
a 7
b cbc
c orignew
d 2
e opcn
f 19
g y-gencatlg
942 ## - ADDED ENTRY ELEMENTS (KOHA)
Source of classification or shelving scheme
Item type Books
Holdings
Withdrawn status Lost status Source of classification or shelving scheme Damaged status Not for loan Collection code Permanent location Current location Shelving location Date acquired Total Checkouts Full call number Barcode Date last seen Price effective from Koha item type
          Koleksioni i përgjithshem UBT - Lipjan UBT - Lipjan Koleksioni i përgjithshem 02/06/2018   658.403 KEP 002-2999269 02/06/2018 02/06/2018 Books
UBT Library © 2015-2024. All rights reserved University Education for Business and Technology